000 00793nam a2200253Ia 4500
003 OSt
005 20221005105228.0
006 a|||||r|||| 00| 0
007 ta
008 221004b |||||||| |||| 00| 0 hin d
024 _a32247
037 _cTextual
040 _aCRL
_cCRL
_bhin
041 _2hin
_ahin
082 _aO152,3:g, K6
100 _aकमलेश्वर
245 0 _aनयी कहानी की भूमिका
246 _aNayī kahānī kī bhūmikā
260 _aनई दिल्ली
_bईशान प्रकाशन भारत
_c1978
300 _a177पृ.
_ccm.
650 _aहिन्दी साहित्य
942 _hO152,3:g, K6
_cTEXL
_2cc
999 _c1015197
_d1015197